Muhammad at Mecca /

محفوظ في:

المؤلف الرئيسي: Watt, W. Montgomery (مؤلف)

التنسيق: كتاب

اللغة: English

منشور في: Oxford : Clarendon Press, 1953.

الموضوعات:

الوسوم: إضافة وسم

لا توجد وسوم, كن أول من يضع وسما على هذه التسجيلة!

رقم الطلب: BP75 .W3 1953

LEADER 00683nam a2200241I 4500
001 6684
003 OSt
005 20250923102045.0
008 130303s1953 enk b 000 0 eng d
010 |a 53013179 
015 |a GB53-6836 
040 |c ARCE Library 
050 4 |a BP75 .W3 1953 
100 1 |a Watt, W. Montgomery  |q (William Montgomery),  |e author 
245 1 0 |a Muhammad at Mecca /   |c W. Montgomery Watt. 
264 1 |a Oxford :   |b Clarendon Press,   |c 1953. 
300 |a xvi, 192 pages ;  |c 23 cm. 
500 |a Sequel : Muhammad at Medina. 
504 |a Bibliography : pages [viii]-ix. 
600 0 0 |a Muḥammad,  |c Prophet,  |d -632. 
901 |a reviewed 
942 |c BK  |2 lcc 
999 |c 8080  |d 8080